Statistics for Match the Capital to its US State

Click here to take the quiz!

General Stats

  • This quiz has been taken 987 times
    (974 since last reset)
  • The average score is 40 of 50

Answer Stats

HintAnswer% Correct
AtlantaGeorgia
98%
AustinTexas
98%
HonoluluHawaii
95%
BostonMassachusetts
95%
DenverColorado
94%
AlbanyNew York
94%
PhoenixArizona
93%
IndianapolisIndiana
93%
Oklahoma City Oklahoma
93%
SacramentoCalifornia
90%
Baton RougeLouisiana
90%
NashvilleTennessee
90%
BoiseIdaho
88%
ColumbusOhio
88%
Salt Lake City Utah
88%
JuneauAlaska
86%
Little Rock Arkansas
85%
Des MoinesIowa
83%
TallahasseeFlorida
82%
Santa FeNew Mexico
82%
JacksonMississippi
80%
ProvidenceRhode Island
80%
RichmondVirginia
80%
MontgomeryAlabama
79%
Carson CityNevada
79%
BismarckNorth Dakota
79%
AnnapolisMaryland
78%
RaleighNorth Carolina
78%
CheyenneWyoming
78%
HartfordConnecticut
77%
AugustaMaine
77%
OlympiaWashington
77%
LansingMichigan
75%
LincolnNebraska
75%
HarrisburgPennsylvania
75%
TopekaKansas
73%
SalemOregon
73%
CharlestonWest Virginia
73%
MadisonWisconsin
73%
DoverDelaware
72%
SpringfieldIllinois
72%
Saint Paul Minnesota
72%
HelenaMontana
72%
ConcordNew Hampshire
71%
FrankfortKentucky
70%
MontpelierVermont
70%
TrentonNew Jersey
69%
ColumbiaSouth Carolina
69%
PierreSouth Dakota
67%
Jefferson CityMissouri
66%

Score Distribution

Percentile by Number Answered

Percent of People with Each Score

Your Score History

You have not taken this quiz since the last reset